01216nam a2200253 a 450000100100000000500170001000800410002704000250006808200210009310000360011424501340015025000120028426000360029630000300033250000700036250400390043265100420047170000450051304900090055895201340056795201190070195201250082099900170094500001791020200929165257.0100407s1999 dr c 000 0 spa d aDO-SdBNPbspacBNPHU a972.93054bP192i1 aPaniagua, José,d1959-93885713aLa isla de los pendejos :bun análisis cronológico de nuestra historia /cJosé Paniagua ; prólogo Rubén Ventura Taylor. a2a. ed. aSanto Domingo :bTaller,c1999. a96 p. :bretrs. ;c21 cm. aIncluye datos biográficos del autor en la solapa de la cubierta aIncluye bibliografías (p. 92-94) 4aRepública DominicanaxHistoria91701 aVentura Taylor, Rubén,epról.938854 aBNPD 001054708DSaGRbGRcCTd2010-04-07iLF1l0o972.93054 P192ip17910-30r2020-06-25te. 3w2020-06-25yLFDSZPréstamo en sala 0010718PDaPDbPDcCTd2010-04-07iLF1l0o972.93054 P192ip17910-10r2020-06-25w2020-06-25yLFPDZNo se presta 0010718PDaPDbPDcCTd2010-04-07iLF1l0o972.93054 P192ip17910-20r2020-06-25te. 2w2020-06-25yLFPDZNo se presta c17434d17434